| 000 | 00558nam a2200181 i 4500 | ||
|---|---|---|---|
| 001 | 50399 | ||
| 003 | ES-MaACL | ||
| 005 | 20251001201759.0 | ||
| 007 | t| | ||
| 008 | 030804s1935 fr ||||1| fre d | ||
| 100 | 1 |
_aCuisenier, André. _942121 |
|
| 245 | 1 | 0 |
_aJules Romains et l'unanimisme / _cAndré Cuisenier. |
| 260 |
_a[París] : _bErnest Flammarion, _c[1935] ( _eSaint-Dizier (Haute-Marne) : _fAndré Brullian) |
||
| 300 |
_a329 p. ; _c19 cm. |
||
| 600 | 1 | 4 |
_aRomains, Jules, _d1885-1972 _999206 |
| 852 |
_aES-MaACL _jA-4262 |
||
| 999 |
_c50399 _d50399 |
||